Volatilita pri investovaní

Volatilita ako jeden z rozhodujúcich prvkov investície. Miera volatility a jej meranie, ktoré sa stáva kľúčovým pre potenciálnych investorov. Využitie volatility pri aktívnom investovaní.

Salvato in:
Dettagli Bibliografici
Autore principale: Kmeťko, Miroslav, 1969-
Altri autori: Badura, Peter, 1978-
Natura: Capitolo di libro
Lingua:slovacco
Soggetti:
Tags: Aggiungi Tag
Nessun Tag, puoi essere il primo ad aggiungerne!!

MARC

LEADER 00000naa$a2200000$$$4500
001 0194721
005 20240502073249.1
041 0 |a slo 
044 |a SK 
245 1 0 |a Volatilita pri investovaní  |c Miroslav Kmeťko, Peter Badura 
520 |a Volatilita ako jeden z rozhodujúcich prvkov investície. Miera volatility a jej meranie, ktoré sa stáva kľúčovým pre potenciálnych investorov. Využitie volatility pri aktívnom investovaní. 
610 2 0 |a volatilita 
610 2 0 |a meranie 
610 2 0 |a portfólio 
610 2 0 |a akcie 
610 2 0 |a výnosnosť 
610 2 0 |a investori 
610 2 0 |a stratégia investičná 
610 2 0 |a rozhodovanie investičné 
100 1 |a Kmeťko, Miroslav, 1969- 
700 1 |a Badura, Peter, 1978-